000 01107nam a2200229Ia 4500
001 11692
003 GE_BSU
008 181216s||||||||xx |||||||||||||| ||und||
040 _cGE_BSU
080 _a636(075.8)
100 _aნ.ა.ბუინოვსკი; ბ.პ.გოლკოპიალოვი; ა.ე.კომისაროვი და სხვ;თარგმ:რუსულიდან ტასო ციციშვილისა და თამარ ბერძენიშვილისა.
245 _aმეცხოველეობის საფუძვლები.
245 _bსახელმძღვ. აგრონომიულ უმაღლ.სასწავლებლებისათვის.
245 _cპ/მგ.რედ:ნ.მელიტაური.
260 _aთბილისი.
260 _bტექნიკა და შრომა.
260 _c1949.
300 _a561გვ;24სმ.
300 _eილ.
653 _aმეცხოველეობის საფუძვლები.
942 _cBK
999 _c44876
_d44876